Normal view MARC view
  • Architecture of Islamic Ummah

Entry Topical Term

Number of records used in: 1

001 - CONTROL NUMBER

  • control field: 131063

003 - CONTROL NUMBER IDENTIFIER

  • control field: NUST

005 - DATE AND TIME OF LATEST TRANSACTION

  • control field: 20251009155043.0

008 - FIXED-LENGTH DATA ELEMENTS

  • fixed length control field: 251009|| aca||aabn | a|a d

040 ## - CATALOGING SOURCE

  • Original cataloging agency: NUST
  • Transcribing agency: NUST

150 ## - HEADING--TOPICAL TERM

  • Topical term or geographic name entry element: Architecture of Islamic Ummah

670 ## - SOURCE DATA FOUND

  • Source citation: Work cat.: (NUST): Khan, Ahmad Nabi 45700, Islamic Architecture of Pakistan :, 1990
© 2023 Central Library, National University of Sciences and Technology. All Rights Reserved.